Direito constitucional / (Record no. 426)

MARC details
000 -LÍDER
Campo Fixo de Controle 00808nam a2200253 a 4500
001 - NÚMERO DE CONTROLE
Campo de Controle 426
003 - IDENTIFICAÇÃO DO NÚMERO DE CONTROLE
Campo de Controle BR-CuiBMT
005 - DATA E HORA DA ÚLTIMA ATUALIZAÇÃO
Campo de Controle 20231106200746.0
008 - DADOS FIXOS
Dados Fixos 231103s2017 spba 001 0 por d
020 ## - INTERNATIONAL STANDARD BOOK NUMBER
Nº do ISBN 9788597009590
040 ## - AGÊNCIA CATALOGADORA
Código da Agência Catalogadora BR-CuiBMT
Agência que transcreveu o registro BR-CuiBMT
080 ## - Nº DA CLASSIFICAÇÃO DECIMAL UNIVERSAL
Nº edição CDU 2007
Nº Class. CDU 342
090 ## - NÚMERO DE CHAMADA
Nº classificação 342
Cutter M827d
Ano/Edição 33. ed.
100 1# - ENTRADA PRINCIPAL -- AUTOR PESSOAL
Nome pessoal Moraes, Alexandre de
Datas associadas ao nome 1968-
245 00 - TÍTULO PRINCIPAL
Título principal Direito constitucional /
Indicação de responsabilidade Alexandre de Moraes.
250 ## - EDIÇÃO
Edição 33. ed., rev. e atual.
260 ## - PUBLICAÇÃO, DISTRIBUIÇÃO, ETC.
Local de publicação São Paulo :
Editora Atlas,
Data 2017.
300 ## - DESCRIÇÃO FÍSICA
N. páginas ou volumes 970 p. :
Ilustrações il. color. ;
Dimensões 24 cm
500 ## - NOTAS GERAIS
Notas gerais edição revista e atualizada até a EC nº 95, de 15 de dezembro de 2016.
500 ## - NOTAS GERAIS
Notas gerais De acordo com o novo CPC e a Lei 13.363/2016.
504 ## - NOTA DE BIBLIOGRAFIA, ETC.
Nota de bibliografia inclui bibliografia e índice.
650 ## - ASSUNTO TÓPICO
Cabeçalho tópico ou nome geográfico Direito constitucional
Subdivisão geográfica Brasil
942 ## - ELEMENTOS DE ENTRADA ADICIONAIS (KOHA)
Fonte de classificação ou esquema de arquivamento Classificação Decimal Universal
Tipo de item do Koha Livros
Holdings
Estado: removido Estado: perdido Fonte de classificação ou esquema de arquivamento Estado: danificado Indisponível para empréstimo Localização permanente Localização atual Data de aquisição Total Checkouts Número de Chamada completo Código de barras Date last seen Número do exemplar Preço efetivo a partir de Tipo de item (Koha)
    Classificação Decimal Universal     Biblioteca da Escola Superior de Contas do TCE/MT Biblioteca da Escola Superior de Contas do TCE/MT 23/04/2018   342 M827d 33. ed. BIBTCEMT23110158 06/11/2023 Ex. 1 06/11/2023 Livros

Powered by Koha